000 00797nam a2200217Ii 4500
003 JO-AjNU
008 230605s9999||||xx |||||||||||||| ||und||
017 _a2012/7/2452
020 _a978-9957-530-40-2
040 _aJO-AjNU
_bara
_erda
_cJO-AjNU
041 _aara
050 1 4 _aPJ7741.I37.Z88 2013
100 3 _aتشينغ،ووشيا ؛ حرره وضبط حواشيه السواعير، إبراهيم,
_eauthor
_950263
245 0 0 _aإبراهيم بن المهدي شاعرا (162-224 هـ / 779-839م )
264 3 1 _aعمان: أمانة عمان الكبرى، 2012
300 _a180ص
336 _atext
_btxt
_2rdacontent
337 _aunmediated
_bn
_2rdamedia
338 _avolume
_bnc
_2rdacarrier
650 4 _aالشعر العربي - العصر العباسي - نقد
_950264
999 _aA22130
_c25698
_d25698